00235nam a2200097Ia 4500008004100000041000800041082001400049100002000063245004500083260000900128240625s9999 xx 000 0 und d aeng a658.8 WIN aWINSTON WAYNE L aMARKETING ANALYTICS DATA DRIVEN TECHNIQU c2014